ბათუმის შოთა რუსთაველის სახელმწიფო უნივერსიტეტის ბიბლიოთეკა

The ancient city site of Vani / (ბიბ.ჩანაწერი № 60691)

000 -LEADER
fixed length control field 00994nam a22002417a 4500
005 - DATE AND TIME OF LATEST TRANSACTION
control field 20231009131137.0
008 - FIXED-LENGTH DATA ELEMENTS--GENERAL INFORMATION
fixed length control field 231009s1995 enk||||| |||| 00| 0 geo d
041 ## - LANGUAGE CODE
Language code of text/sound track or separate title geo
080 ## - UNIVERSAL DECIMAL CLASSIFICATION NUMBER
Universal Decimal Classification number 904(479.22) K-47
100 ## - MAIN ENTRY--PERSONAL NAME
Personal name Kipiani, Guram
9 (RLIN) 20036
245 ## - TITLE STATEMENT
Title The ancient city site of Vani /
Statement of responsibility, etc. by Guram Kipiani and Nodar Amashukely; photography of Valeri Salniker, George Bakuradze... etc ; editor by Tsira Basiladze.
264 ## - PRODUCTION, PUBLICATION, DISTRIBUTION, MANUFACTURE, AND COPYRIGHT NOTICE
Place of production, publication, distribution, manufacture Tbilisi,
Date of production, publication, distribution, manufacture, or copyright notice 1995.
300 ## - PHYSICAL DESCRIPTION
Extent 32 p. :
Other physical details ill. ;
Dimensions 20 cm.
653 ## - INDEX TERM--UNCONTROLLED
keyword ვანის ნაქალაქარი
653 ## - INDEX TERM--UNCONTROLLED
keyword არქეოლოგია
653 ## - INDEX TERM--UNCONTROLLED
keyword უძველესი ქალაქები
653 ## - INDEX TERM--UNCONTROLLED
keyword საქართველო.
700 ## - ADDED ENTRY--PERSONAL NAME
Personal name Amashukely, Nodar
Relator term ავტორი
9 (RLIN) 20037
700 ## - ADDED ENTRY--PERSONAL NAME
Personal name Salniker, Valeri
Relator term ფოტოგრაფი
9 (RLIN) 20038
700 ## - ADDED ENTRY--PERSONAL NAME
Personal name Bakuradze, George
Relator term ფოტოგრაფი
9 (RLIN) 20039
700 ## - ADDED ENTRY--PERSONAL NAME
Personal name Basiladze, Tsira
Relator term რედაქტორი
9 (RLIN) 20040
942 ## - ADDED ENTRY ELEMENTS (KOHA)
Source of classification or shelving scheme
Koha item type წიგნი
ეგზემპლარები
Withdrawn status Lost status Source of classification or shelving scheme Damaged status Not for loan Permanent Location Current Location Shelving location Date acquired Cost, normal purchase price Full call number Barcode Date last seen Copy number Uniform Resource Identifier Price effective from Koha item type Public note
          ბათუმის შოთა რუსთაველის სახელმწიფო უნივერსიტეტის მთავარი ბიბლიოთეკა ბათუმის შოთა რუსთაველის სახელმწიფო უნივერსიტეტის მთავარი ბიბლიოთეკა წიგნსაცავი 2023-10-09 5.00 904(479.22) K-47 65291 2023-10-09 65291 ბსუ-ს საპატიო დოქტორის გურამ ლორთქიფანიძის საჩუქარი 2023-10-09 წიგნი 5 ლ.